Maximum Boy: Starring in Attack of the Soggy Underwater People / (Record no. 266218)
[ view plain ]
| 000 -LEADER | |
|---|---|
| fixed length control field | 00264nam a22000977a 4500 |
| 020 ## - INTERNATIONAL STANDARD BOOK NUMBER | |
| ISBN | 0439219493 |
| 100 ## - MAIN ENTRY--AUTHOR NAME | |
| Personal name | Dan Greenburg |
| 245 ## - TITLE STATEMENT | |
| Title | Maximum Boy: Starring in Attack of the Soggy Underwater People / |
| 260 ## - PUBLICATION, DISTRIBUTION, ETC. (IMPRINT) | |
| Place of publication | New York |
| Name of publisher | Scholastic Inc |
| Year of publication | 2001. |
| 942 ## - ADDED ENTRY ELEMENTS (KOHA) | |
| Koha item type | Long Loan Books |
| Withdrawn status | Lost status | Home library | Current library | Shelving location | Date acquired | Accession Number | Koha item type |
|---|---|---|---|---|---|---|---|
| Rongo University Library | Rongo University Library | Children's Area | 21/04/2026 | CL20250243 | Long Loan Books |
